| 000 | 01148cam a22003734a 4500 | ||
|---|---|---|---|
| 001 | 6481934 | ||
| 003 | ARRUPE | ||
| 005 | 20160504100440.0 | ||
| 008 | 070904s2008 enkaf b 000 0aeng | ||
| 010 | _a 2007036602 | ||
| 020 | _a9780415436571 (hardback : alk. paper) | ||
| 020 | _a0415436575 (hardback : alk. paper) | ||
| 024 | _a40015165365 | ||
| 035 | _a(OCoLC)ocn168723873 | ||
| 035 | _a(OCoLC)168723873 | ||
| 035 | _a(NNC)6481934 | ||
| 040 |
_aDLC _cDLC _dBAKER _dBTCTA _dYDXCP _dC#P |
||
| 041 | 1 |
_aeng _hrus |
|
| 043 | _ae-ur--- | ||
| 050 | 0 | 0 |
_aPN2728.S78 _bA3 2008 |
| 082 | 0 | 0 |
_a792.02/33092 _aB _222 |
| 100 | 1 |
_aStanislavsky, Constantin, _d1863-1938. _923522 |
|
| 240 | 1 | 0 | _lEnglish |
| 245 | 1 | 0 |
_aMy life in art _c/ Constantin Stanislavski. |
| 260 |
_aNew York : _bRoutledge/ Theartre Arts Books, _c1996. |
||
| 300 |
_axi, 582 p. ; _bill. ; _c20 cm. |
||
| 500 | _aPublished originally in 1924 | ||
| 650 | 0 |
_aActors _xCorrespondence _924222 |
|
| 650 | 0 |
_aMoscow art theatre _924223 |
|
| 700 | 1 |
_aAleksieev, Kanstantin Sergieevich _924224 |
|
| 942 |
_2lcc _cMONOGRAPH |
||
| 948 | 1 |
_a20080318 _bc _cjeb52 _dMPS |
|
| 999 |
_c124754 _d124754 |
||